000 00491nam a22001817a 4500
003 CEME
005 20210628202859.0
008 210203b xxu||||| |||| 00| 0 eng d
020 _a0-395-87615-X
040 _c.
082 _a512 LAR
100 _aLarson, Roland E Hostetler, Robert P Neptune, Carolyn F
_962121
245 _aIntermediate algebra, graphs and functions
250 _a2ND
260 _aNEW YORK
_bHOUGHTON MIFFIN COMPANY
_c1998
300 _aXXI,965P
942 _cBK
_2ddc
999 _c571334
_d571334